| Поле | Инд. | ПП | Название | Значение |
|---|---|---|---|---|
| Тип записи | a | |||
| Библиографический уровень | m | |||
| 001 | Контрольный номер | 7c3606d7-18e3-4e4f-8d3d-379fefa1c448 | ||
| 005 | Дата корректировки | 20140703130620.9 | ||
| 008 | Кодируемые данные | 040628 | ||
| 020 | c | Цена, тираж | б/ц | |
| 040 | a | Служба первич. каталог. | НБ ТвГУ | |
| 041 | a | Код языка текста | rus | |
| 080 | a | Индекс УДК | 801.25-55=20=82(043.3) | |
| 084 | a | Индекс другой классификации/Индекс ББК | Ш102.125-01я031 | |
| a | Индекс другой классификации/Индекс ББК | Ш143.21-212.5-01я031 | ||
| 090 | x | Авторский знак | Г83 | |
| a | Полочн. индекс | Ш102.1 | ||
| 100 | 1_ | a | Автор | Гридина Наталья Васильевна |
| 245 | 10 | a | Заглавие | Морфотемный анализ глаголов с логико-семантическим признаком квалитативности в разносистемных языках (на материале русского и английского языков) |
| b | Продолж. заглавия | автореф. дис. ... канд. филол. наук : 10.02.19 | ||
| c | Ответственность | Ульян. гос. ун-т, Каф. общ. и герм. языкознания | ||
| 260 | 0_ | a | Место издания | Ульяновск |
| b | Издательство | Ульяновский гос. ун-т | ||
| c | Дата издания | 2003 | ||
| 300 | a | Объем | 19 с. | |
| 500 | a | Примечание | На правах рукоп. | |
| 504 | a | Библиография | Библиогр.: с.18-19. | |
| 583 | a | Действие | Получение впервые 283 28.06.2004 | |
| 650 | a | Основная рубрика | Языкознание | |
| x | Основная подрубрика | Грамматика | ||
| x | Основная подрубрика | Части речи | ||
| x | Основная подрубрика | Морфология | ||
| 650 | a | Основная рубрика | Английский язык | |
| 650 | a | Основная рубрика | Русский язык | |
| 650 | a | Основная рубрика | Глагол в английском языке | |
| x | Основная подрубрика | Категории качества | ||
| 650 | a | Основная рубрика | Глагол в русском языке | |
| 653 | a | Ключевые слова | Языкознание | |
| a | Ключевые слова | Грамматика | ||
| a | Ключевые слова | Морфология | ||
| a | Ключевые слова | Части речи | ||
| a | Ключевые слова | Глагол | ||
| a | Ключевые слова | Глагольные категории | ||
| a | Ключевые слова | Категории качества глагола | ||
| a | Ключевые слова | Глагол в английском языке | ||
| a | Ключевые слова | Глагол в русском языке | ||
| a | Ключевые слова | Английский язык | ||
| a | Ключевые слова | Русский язык | ||
| a | Ключевые слова | Авторефераты | ||
| 852 | t | Порядковый номер экземпляра | 1 | |
| p | Инвентарный номер | б/н | ||
| 888 | a | Бесплатные | ||
| 930 | a | Новая/Ретро | авторефераты | |
| 952 | p | 283.2004 б/ц 1 б/н | ||
| c | Вид литературы | А/Р н | ||
| 954 | a | Дата поступления на обработку | 20040928 | |
| 999 | a | Подразделение 2 | ч.з. |